Hledání teorie mezinárodního peacekeepingu

Prvé pokusy o konceptualizáciu štúdia operácií na udržanie mieru. Operácie na udržanie mieru ako nástroj pre riešenie konfliktov. Kritika podnetov v oblasti riešenia konfliktov. Súčasné podnety v oblasti riešenia konfliktov. Pokusy o aplikáciu teórií medzinárodných vzťahov. Realistická teória. Kriti...

Descripción completa

Guardado en:
Detalles Bibliográficos
Autor principal: Bureš, Oldřich
Formato: Capítulo de libro
Lenguaje:checo
Materias:
Etiquetas: Agregar Etiqueta
Sin Etiquetas, Sea el primero en etiquetar este registro!

MARC

LEADER 00000naa$a2200000$$$4500
001 0069214
005 20231016100448.0
041 0 |a cze 
044 |a CZ 
245 1 0 |a Hledání teorie mezinárodního peacekeepingu  |c Oldřich Bureš 
520 |a Prvé pokusy o konceptualizáciu štúdia operácií na udržanie mieru. Operácie na udržanie mieru ako nástroj pre riešenie konfliktov. Kritika podnetov v oblasti riešenia konfliktov. Súčasné podnety v oblasti riešenia konfliktov. Pokusy o aplikáciu teórií medzinárodných vzťahov. Realistická teória. Kritická teória. Teória racionálnej voľby. Teória verejných statkov. Feministická teória. Budúca výskumná agenda. Nastolenie otázky, či potrebuje medzinárodný peacekeeping svoju vlastnú (makro)teóriu. 
610 2 0 |a politika medzinárodná 
610 2 0 |a vzťahy medzinárodné 
610 2 0 |a bezpečnosť 
610 2 0 |a konflikty 
100 1 |a Bureš, Oldřich